|
|
|
|
| LEADER |
00000nab a2200000 a 4500 |
| 001 |
vtls010480951 |
| 003 |
SK-MaSNL |
| 005 |
20260319071230.0 |
| 008 |
130103c20121212xo d 000 0|hun |
| 015 |
|
|
|a SNBRB2012/12
|
| 038 |
|
|
|a DSZK
|
| 040 |
|
|
|a DSZK
|b slo
|c DSZK
|e AACR2
|
| 041 |
0 |
|
|a hun
|
| 044 |
|
|
|a xo
|c SK
|
| 080 |
|
|
|a 615.832
|x (437.6)
|2 2001
|
| 080 |
|
|
|a 398.332.412
|x (437.6)
|2 2001
|
| 245 |
0 |
0 |
|a Motoron ment a Mikulás
|b sportemberek jártak a kórház kis betegeinél
|c [szerző] (ái)
|
| 300 |
|
|
|b Fotogr.
|
| 610 |
2 |
7 |
|a Ľadové medvede (občianske združenie)
|2 dszk
|9 1087120
|
| 610 |
2 |
7 |
|a Nemocnica s poliklinikou (Dunajská Streda, Slovensko).
|b Detské lôžkové oddelenie
|2 dszk
|9 1097208
|
| 648 |
|
7 |
|a 8.12.2012
|2 dszk
|9 1097209
|
| 648 |
|
7 |
|a 2012
|2 dszk
|9 326619
|
| 650 |
0 |
7 |
|a Mikuláš
|2 dszk
|9 605713
|
| 773 |
0 |
|
|t Új szó
|g Évf. 65, sz. 286 (12.12.2012), o. 19
|x 1335-7050
|
| 852 |
|
|
|a DSZK
|b KIS3GCP
|
| 958 |
|
|
|a HU
|
| 958 |
|
|
|a SK
|
| 999 |
|
|
|c 1803021
|d 1804951
|